| 000 | 01520nam a2200433 c 4500 | ||
|---|---|---|---|
| 001 | 21767 | ||
| 003 | ES-MaCES | ||
| 005 | 20150709125921.0 | ||
| 008 | 090121s2007 sp d t o000 | cat d | ||
| 017 |
_aB 37365-20067 _bDL |
||
| 020 | _a9788439377962 | ||
| 035 | _aCES20090000561m | ||
| 040 |
_aES-MaCES _bspa _cES-MaCES |
||
| 100 | 1 |
_aMota Moya, Pau _919227 |
|
| 245 | 1 | 0 |
_aMigracions i salut _b: interrelacions a la immigració estrangera a Catalunya _cPau Mota Moya |
| 260 |
_aBarcelona _bConsell de Treball, Econòmic i Social de Catalunya _c2007 |
||
| 300 |
_a338 p. _bgráf. bl. y n. _c24 cm |
||
| 490 | 1 |
_aCol.lecció Tesis doctorals _v10 |
|
| 500 | _aTesis doctoral-Universitat Autònoma de Barcelona | ||
| 504 | _aBibliografía. Bibliografía: p. 311-338 | ||
| 541 | _cGratuito | ||
| 650 | 4 |
_amigración _928635 |
|
| 650 | 4 |
_ainmigrante _928631 |
|
| 650 | 4 |
_aextranjero _928630 |
|
| 650 | 4 |
_asalud _928680 |
|
| 650 | 4 |
_aestado de salud _930671 |
|
| 650 | 4 |
_aenfermedad _928679 |
|
| 650 | 4 |
_adesigualdad social _930789 |
|
| 650 | 4 |
_apolítica sanitaria _929366 |
|
| 650 | 4 |
_aCataluña _930774 |
|
| 650 | 4 |
_atesis _928995 |
|
| 653 | 1 | 0 | _aSalud |
| 710 | 2 |
_aConsejo de Trabajo, Económico y Social de Cataluña _eed. _92399 |
|
| 710 | 2 |
_95186 _aUniversidad Autónoma de Barcelona |
|
| 830 | 0 |
_aCol.lecció Tesis doctorals (Consejo de Trabajo, Económico y Social de Cataluña) _v10 _934022 |
|
| 902 | _aLIB Libro | ||
| 942 |
_2CES _cBK _h3.1. |
||
| 999 |
_c21767 _d21767 |
||